000 00257nam a22001217a 4500
008 180307b xxu||||| |||| 00| 0 eng d
041 _aeng
080 _a7
100 _a42
101 _aART
245 _aART OF THE FAR EAST
_cHUGO.M
942 _2udc
_cBK
999 _c44282
_d44282